000 00736nam a22001937a 4500
999 _c166518
_d166518
010 _aENG-126088
020 _a978-93-8472-682-9
_c1295.00
035 _aEN-109620
037 _bDBAD/PUB
082 _a621.380414
100 _aMurti,Y.V.G.S.& Vijayan.C.
245 _aEssentials of Nonlinear Optics/
_cedited byY.V.G.S.Murti&C.Vijayan
260 _aNew Delhi
_bAne Books Pvt. Ltd.
_c2016
270 _a4821, Parwana Bhawan, 1st floor, 24 Ansari Road, Darya Ganj,
_bNew Delhi
_e110002
_k+91(011)23276843-44
_mwww.anebooks.com; kapoor@anebooks.com
_l+91(001)23276863
300 _a188p.
_b24cm(hb)
500 _aits include table and figure
700 _aY.V.G.S.Murti&C.Vijayan
942 _2ddc
_cEN
_h621.380414
_mMUR